000 00478nam a2200181Ia 4500
001 8597
005 20260306160621.0
008 260306t2004||||xx |||||||||||||| ||spa||
041 _aESP
082 _a371.2
_bC78
100 _aCorrea de Molina, Cecilia
_eAUT
245 0 _aGestión y evaluación de la calidad en la educación:
_breferentes generales para la acreditación
260 _c2004
300 _a
_c
650 _aGEN
654 _aCED
942 _cLIB
_dJUS
_fJUS
_2ddc
_n
999 _c8597
_d8597